| 000 | 01075cam a2200289 i 4500 | ||
|---|---|---|---|
| 003 | SA-RiAUC | ||
| 005 | 20241107091553.0 | ||
| 008 | 241107s1971 le g 00000 ara c | ||
| 040 |
_aSA-RiAUC _bara _cSA-RiAUC _erda |
||
| 082 | 0 | 4 | _a246 |
| 090 |
_a246 _bب د و |
||
| 100 | 1 |
_aبدوي، عبد الرحمن، _d1917-2002 _eمؤلف. |
|
| 245 | 1 | 0 |
_aمذاهب الإسلاميين. _cعبد الرحمن بدوي. |
| 250 | _aالطبعة الأولى. | ||
| 264 | 1 |
_aبيروت : _bدار العلم للملايين، _c1971 |
|
| 300 |
_a2 مجلد ؛ _c24 سم |
||
| 336 |
_aنص _btxt _2rdacontent _3كتاب |
||
| 337 |
_aبدون وسيط _bn _2rdamedia |
||
| 338 |
_aمجلد _bnc _2rdacarrier |
||
| 650 | 7 |
_aالمعتزلة (فرقة إسلامية) _2aucsh |
|
| 650 | 7 |
_aالفرق الإسلامية _2aucsh |
|
| 650 | 7 |
_aالحركات الفكرية عند المسلمين _2aucsh |
|
| 650 | 7 |
_aالأشاعرة (فرقة إسلامية) _2aucsh |
|
| 650 | 7 |
_aعلم الكلام _2aucsh |
|
| 942 |
_2ddc _cBOOK |
||
| 949 |
_aSA-JeALM _d241107 _ukhaled123 _n1 |
||
| 999 |
_c2146 _d2146 |
||